000 00741nam a2200241 a 4500
001 BRL_713
005 20190320210850.0
008 300913s1911----gw-#######---#000-0#ger-#
041 _ager
044 _agw
050 4 _aML50.S918
_b.S77 1911
100 1 _aStrauss, Richard
_d1864-1949
_924716
245 1 0 _aDer Rosenkavalier
_cKomödie für Musik in Drei Aufzügen von Hugo Von Hofmannsthal ; Musik Von Richard Strauss
260 _aBerlin
_bAdolph Fürstner
_c1911
300 _a150 p.
_c18 cm.
500 _aAu807
500 _aEstado físico: Desprendimiento de hojas.
650 1 4 _aOperas
_924717
650 1 4 _aLibretos para operas
_923437
700 1 _aHofmannsthal, Hugo von
_d1874-1929
_924718
902 _aGRL
942 _2lcc
_cB
999 _c9525
_d9525